000 00363nam a2200157Ia 4500
005 20250423101728.0
008 250422s9999 xx 000 0 und d
020 _a978- 1- 59784- 260- 0
050 _aBP253. Z8B33513
100 _aRamazan Balci
245 0 _aWonders of the age
260 _bTughra books
260 _c2011
300 _a244 p
942 _cBK
999 _c37104
_d37104